Science Quiz

Random Science Quiz

Pharmacology Drug Formulations/Labeling Quiz Stats

 Plays Quiz not verified by Sporcle

Support Sporcle.
Go Orange.
Score 0/55 Timer 20:00
0 Plays Today
Question % Correct
placed into rectum where they slowly dissolvesuppositories
69.6%
required on bottle or not? (y or n) drug concentrationy
69.6%
required on bottle or not? (y or n) name of manufacturery
69.6%
required on bottle or not? (y or n) expiration datey
69.6%
required on bottle or not? (y or n) drug quantityy
65.2%
required on bottle or not? (y or n) controlled substance statusy
65.2%
required on bottle or not? (y or n) lot numbery
65.2%
required on bottle or not? (y or n) Rx or noty
65.2%
required on bottle or not? (y or n) instructionsn
65.2%
required on bottle or not? (y or n) warnings/side effectsn
65.2%
required on bottle or not? (y or n) generic drug namey
60.9%
required on bottle or not? (y or n) trade drug namey
60.9%
required on bottle or not? (y or n) address of manufacturery
60.9%
required on bottle or not? (y or n) withdrawal timen
60.9%
drug particles are 'suspended' but not dissolved in liquidsuspension
56.5%
required on bottle or not? (y or n) chemical namen
56.5%
powdered drug put inside gelatin capsule
52.2%
powdered drug compressed into diskstablet
52.2%
drug strength is usually expressed in:milligrams
52.2%
drug dissolved in a liquidsolution
47.8%
semisolid topical application used on skin and eyesointment
47.8%
must be on bare skin to work, usually on ventral abdomen- skin shaved firsttransdermal patch
43.5%
drug dissolved in water and sugarsyrup
43.5%
semisolid or jellylike suspensiongel
43.5%
semisolid topical application made of drug + oil and watercream
43.5%
injectable drug container- glass bottle with rubber stoppervial
43.5%
Which two forms of drug are often scored to easily break into pieces?tablets and caplets
39.1%
drug dissolved in sweetened alcoholelixir
39.1%
Question % Correct
injectable drug container- single use, entirely glass containersampule
39.1%
used by manufacturer to know exact date and time of productionlot number
39.1%
powdered drug compressed into the shape of a capsulecaplet
34.8%
powdered drug in a hard candy type tabletlozenge
34.8%
type of suspension with one liquid dispersed throughout another in small dropletsemulsion
34.8%
what is it called when water or other liquid is added just prior to injection?reconstitution
34.8%
drug suspended in solvent and packaged under pressureaerosol
34.8%
unique name given by manufacturertrade name
34.8%
name telling chemical composition of a drugchemical name
34.8%
which agency places drugs into schedules?DEA
34.8%
powdered drug is mixed with sugar and a flavoringmolded tablet
30.4%
drug in suspension or solutionlotion
30.4%
drugs produced by other companies after the exclusive rights expiregeneric equivalent
30.4%
drug dissolved in alcoholtincture
26.1%
drug in oil base that is rubbed into the skinliniment
26.1%
semisolid oral, keeps form at body temppaste
26.1%
composed of plant or animal partsextract
26.1%
concise name for a specific chemical compoundgeneric name
26.1%
what does DEA stand for?drug enforcement administration
26.1%
you must follow the ____ instructions on the label for the expiration date to be validstorage
26.1%
special covering over the powdered drug to protect it from stomach acidsenteric-coated tablet
21.7%
injectable drug- prolonged absorption, liquid formrepository
21.7%
injectable drug- prolonged absorption, solid formimplant
21.7%
drug suspended in powder for external usepowder
21.7%
given to ensure safety and efficacy of drugexpiration date
21.7%
combining drugs to form a 'new' drug is called drug ______compounding
21.7%
protects drug from harm and improves stabilitymicroencapsulation
17.4%

You're not logged in!

Compare scores with friends on all Sporcle quizzes.
OR
Log In

From the Vault

Democratic National Conventions

by tseroff

If Sporcle teaches you one thing, we hope that it's that the DNC was never in Toronto.
Remove Ads.
Support Sporcle.
Get the best of Sporcle when you Go Orange. This ad-free experience offers more features, more stats, and more fun while also helping to support Sporcle. Thank you for becoming a member.

Show Comments

Extras

Created Feb 8, 2011ReportNominate
Tags:Drug, Pharmacology

Top Quizzes Today


Score Distribution

Your Account Isn't Verified!

In order to create a playlist on Sporcle, you need to verify the email address you used during registration. Go to your Sporcle Settings to finish the process.

Report this User

Report this user for behavior that violates our Community Guidelines.

Details: